|
|
|
|
| LEADER |
00000nam0a2200000 4500 |
| 001 |
224246 |
| 005 |
20231101230558.0 |
| 035 |
|
|
|a (RuTPU)RU\TPU\book\244538
|
| 090 |
|
|
|a 224246
|
| 100 |
|
|
|a 20121023d1989 k y0rusy50 ca
|
| 101 |
0 |
|
|a rus
|
| 102 |
|
|
|a RU
|
| 105 |
|
|
|a y z 001zy
|
| 200 |
1 |
|
|a Новейшие исследования по социально-экономической и культурной истории дореволюционной Кубани
|e сборник научных трудов
|f Кубанский государственный университет ; под ред. В. Н. Ратушняка
|
| 210 |
|
|
|a Краснодар
|c Изд-во Кубанского ГУ
|d 1989
|
| 215 |
|
|
|a 151 с.
|
| 320 |
|
|
|a Библиография в конце статей
|
| 606 |
|
|
|a Казачество в России
|x История
|2 stltpush
|3 (RuTPU)RU\TPU\subj\67251
|9 83134
|
| 610 |
1 |
|
|a история
|
| 610 |
1 |
|
|a экономическая история
|
| 610 |
1 |
|
|a культура
|
| 610 |
1 |
|
|a социальное развитие
|
| 610 |
1 |
|
|a Кубань
|
| 610 |
1 |
|
|a краеведение
|
| 610 |
1 |
|
|a города
|
| 610 |
1 |
|
|a социальная история
|
| 686 |
|
|
|a Т3(29=...)
|v LBC/SL-A
|2 rubbk
|
| 702 |
|
1 |
|a Ратушняк
|b В. Н.
|4 340
|
| 712 |
0 |
2 |
|a Кубанский государственный университет
|2 stltpush
|3 (RuTPU)RU\TPU\col\5347
|9 24088
|
| 801 |
|
1 |
|a RU
|b 63413507
|c 20121023
|
| 801 |
|
2 |
|a RU
|b 63413507
|c 20131003
|g RCR
|
| 942 |
|
|
|c BK
|